000 00752nam a2200253 i 4500
003 DO-SdBNP
005 20230418153502.0
007 ta
008 230418e1993 dr ac||gr|||| 001 edspa d
040 _aDO-SdBNP
_bspa
_cBNPHU
_erda
082 4 _222
_bZ88l
100 1 _936378
_aZorrilla, Mercedes,
_d1960-
245 1 0 _aLengua española integral I
_cMercedes Zorrilla
246 _aLengua española integral uno
250 _a2da. ed.
264 3 0 _aSanto Domingo :
_bmsc,
_c1992
300 _a270 páginas ;
_c21 cm
336 _2rdaconten
_atexto
_btxt
337 _2rdamedia
_asin medición
_bn
338 _2rdacarrier
_avolumen
_bnc
590 _aInventariado 2023 / MF
700 1 _aLondoño, Gonzo
_efotografía portada
_983281
942 _2ddc
_cLBS1
999 _c53298
_d53298